000 02412nam0a2200421 i 4500
001 RU\NLR\BIBL_A\012087312
005 20260407163051.0
010 _a9785961200591
_91000
035 _a(NLR Aleph) 012087312
090 _a11836156
_c11836156
100 _a20190905d2017 k y0rusy50 ca
101 0 _arus
_deng
102 _aRU
105 _aach|z|||000zy
200 1 _aМозаики и фрески Святой Софии Киевской
_dMosaics and frescoes of Saint Sophia in Kiev
_fО.С. Попова, В.Д. Сарабьянов
_g[Государственный институт искусствознания]
_zeng
210 _aМосква
_cГАММА-ПРЕСС
_d2017
215 _a503 с.
_cил., цв. ил., портр., факс.
_d34
300 _aАвт. также на англ. яз.: Olga Popova, Vladimir Sarabyanov
300 _aРез. англ.
320 _aБиблиогр.: с. 486-503 (405 назв.) и в подстроч. примеч.
510 1 _6z77790
_aMosaics and frescoes of Saint Sophia in Kiev
_zeng
601 0 2 _aСофийский собор
_cКиев, город; Украина
_xМозаики
_92422906
_3RU\NLR\AUTH\6601661303
601 0 2 _aСофийский собор
_cКиев, город; Украина
_xФрески
_92422905
_3RU\NLR\AUTH\6601661302
606 _aХристианство и искусство
_92394299
_3RU\NLR\AUTH\661427613
686 1 _aЩ143(2Ук)301-461.1
686 1 _aЩ143(2Ук)301-461.3
686 2 _aЭ37-103.7
700 1 _8rus
_7ca
_aПопова
_bО. С.
_cд-р искусствоведения
_f1938-2020
_gОльга Сигизмундовна
_3RU\NLR\AUTH\7755594
_938526
701 1 _8rus
_7ca
_aСарабьянов
_bВ. Д.
_cканд. искусствоведения
_f1958-2015
_gВладимир Дмитриевич
_3RU\NLR\AUTH\7789458
_972386
712 0 2 _4570
_aСобор Святой Софии
_cКиев
_3RU\NLR\AUTH\8810101761
_9704317
790 1 _8rus
_7ba
_aPopova
_bO. S.
_cд-р искусствоведения
_f1938-2020
_gOl'ga Sigizmundovna
_3RU\NLR\AUTH\7755596
_938528
790 1 _8rus
_7ba
_aSarab'janov
_bV. D.
_cканд. искусствоведения
_f1958-2015
_gVladimir Dmitrievič
_3RU\NLR\AUTH\7789461
_972389
942 _cBOOK
980 _aNBR